000 00430nam a2200181Ia 4500
001 25342
005 20260414151143.0
008 260414t2017||||xx |||||||||||||| ||spa||
041 _aESP
082 _a346.5
_bC17
100 _aCalvo Costa, Carlos A.
_eAUT
245 0 _aDerecho de las obligaciones
_b
260 _c2017
300 _a1152 páginas :
_c23 cm.
650 _aDER
654 _aCDE
942 _cLIB
_dJUS
_fJUS
_2ddc
_n
999 _c25342
_d25342